Statistics for Tokyo 2020 Olympic Medals - Team Sports

Click here to take the quiz!

General Stats

  • This quiz has been taken 70 times
  • The average score is 27 of 35

Answer Stats

Gold% Correct
United States
98%
United States
98%
United States
98%
United States
98%
United States
98%
United States
98%
Japan
96%
Japan
96%
France
92%
France
92%
France
92%
Brazil
90%
Canada
90%
Australia
88%
Spain
88%
Great Britain
85%
Netherlands
85%
New Zealand
85%
ROC
83%
China
81%
Belgium
79%
Norway
77%
Sweden
77%
India
73%
Argentina
71%
Serbia
69%
Denmark
63%
Fiji
63%
Mexico
62%
Hungary
60%
Greece
56%
Latvia
52%
Switzerland
40%
Dominican Republic
33%
Qatar
19%

Score Distribution

Percentile by Number Answered

Percent of People with Each Score

Your Score History

You have not taken this quiz